<?xml version="1.0" encoding="UTF-8"?>
<collection xmlns="http://www.loc.gov/MARC21/slim">
 <record>
  <leader>00818pam a22002418a 4500</leader>
  <controlfield tag="001">00041191</controlfield>
  <controlfield tag="005">20180404140429.0</controlfield>
  <controlfield tag="008">110608s1997                  ||||||Viesd</controlfield>
  <datafield tag="020" ind1="#" ind2="#">
   <subfield code="c">27000</subfield>
  </datafield>
  <datafield tag="041" ind1="0" ind2="#">
   <subfield code="a">Vie</subfield>
  </datafield>
  <datafield tag="082" ind1="1" ind2="4">
   <subfield code="a">530.076</subfield>
   <subfield code="b">T527T</subfield>
  </datafield>
  <datafield tag="110" ind1="1" ind2="#">
   <subfield code="a">Trường THPT chuyên Lê Hồng Phong</subfield>
  </datafield>
  <datafield tag="245" ind1="0" ind2="0">
   <subfield code="a">Tuyển tập đề thi Olympic 30-4 lần thứ VII năm 2001 Môn Vật Lý</subfield>
  </datafield>
  <datafield tag="260" ind1="#" ind2="#">
   <subfield code="a">Hà Nội</subfield>
   <subfield code="b">Giáo dục</subfield>
   <subfield code="c">2001</subfield>
  </datafield>
  <datafield tag="300" ind1="#" ind2="#">
   <subfield code="c">21cm.</subfield>
   <subfield code="a">439 tr</subfield>
  </datafield>
  <datafield tag="500" ind1="#" ind2="#">
   <subfield code="a">ĐTTS ghi: Sở giáo dục và đào tạo  Tp. Hồ Chí Minh</subfield>
  </datafield>
  <datafield tag="653" ind1="#" ind2="#">
   <subfield code="a">Tuyển tập</subfield>
  </datafield>
  <datafield tag="653" ind1="#" ind2="#">
   <subfield code="a">Vật lí</subfield>
  </datafield>
  <datafield tag="653" ind1="#" ind2="#">
   <subfield code="a">Đáp án</subfield>
  </datafield>
  <datafield tag="653" ind1="#" ind2="#">
   <subfield code="a">Đề thi</subfield>
  </datafield>
  <datafield tag="852" ind1="#" ind2="#">
   <subfield code="j">KD.0023332</subfield>
  </datafield>
  <datafield tag="910" ind1=" " ind2=" ">
   <subfield code="d">04/04/2018</subfield>
  </datafield>
  <datafield tag="980" ind1="#" ind2="#">
   <subfield code="a">Trung tâm Học liệu Lê Vũ Hùng, Trường Đại học Đồng Tháp</subfield>
  </datafield>
 </record>
</collection>
